Magyar belyegek arjegyzeke ( Price list of the Hungarian stamps ) (Record no. 2578)

000 -LEADER
fixed length control field 00381nam a22000977a 4500
008 - FIXED-LENGTH DATA ELEMENTS--GENERAL INFORMATION
fixed length control field 171211b xxu||||| |||| 00| 0 eng d
100 ## - MAIN ENTRY--AUTHOR'S NAME
Author's Name Magyar Filatelia Vallalat
245 ## - TITLE STATEMENT
Title Magyar belyegek arjegyzeke ( Price list of the Hungarian stamps )
260 ## - PUBLICATION, DISTRIBUTION, ETC. (IMPRINT)
Place of publication, distribution, etc. Budapest
Name of publisher, distributor, etc. Magyar Filatelia Vallalat
Date of publication, distribution, etc. 1984
650 ## - TOPICAL TERM (Tag)
Topical term or geographic name Hungary (1871-) | Catalogs and Price Lists | Austro-Hungarian Empire Austria
Holdings
Withdrawn status Lost status Source of classification or shelving scheme Damaged status Koha normalized classification for sorting Not for loan Permanent Location Current Location Shelving location Date acquired Total Checkouts Full call number Barcode Date last seen Copy number Price effective from
        G6500 A1 M213   Northern Philatelic Library Northern Philatelic Library General Stacks 12/11/2017   G6500 A1 M213 1002847 12/11/2017 1 12/11/2017

Powered by Koha